000
00259nam a2200109Ia 4500
008
200302s9999 xx 000 0 und d
100
_a
Gunther Feuerstein
245
_a
Biomorphic Architecture
260
_b
Axel Menges Ltd.
260
_c
2002
300
_a
188 P.,
999
_c
1209
_d
1209